Tinc un adolescent a casa : guia per a una convivència saludable / guia per a una convivència saludable /
Publicado:
Barcelona :
Diputació de Barcelona. Àrea de Salut Pública i Consum. Servei de Salut Pública ,
2017
Descripción Física:
23 pàgines : il·lustracions ; 21 cm
Idioma:
Catalán
MARC
| LEADER | 00000nam a2200000 a 4500 | ||
|---|---|---|---|
| 001 | 26361 | ||
| 008 | 220726b spa||||| |||| 00| 0 cat d | ||
| 017 | |a DL B 27677-2017 | ||
| 080 | |a FU-72-41 | ||
| 245 | |a Tinc un adolescent a casa : |b guia per a una convivència saludable / |c coordinació: Servei de Salut Pública | ||
| 250 | |a Primera edició | ||
| 260 | |a Barcelona : |b Diputació de Barcelona. Àrea de Salut Pública i Consum. Servei de Salut Pública, |c novembre del 2017 | ||
| 300 | |a 23 pàgines : |b il·lustracions ; |c 21 cm | ||
| 650 | 0 | |a Adolescència |9 31741 |2 Arxiu | |
| 650 | 0 | |a Adolescents |x Relacions familiars |9 50475 |2 Arxiu | |
| 650 | 0 | |a Pares i adolescents |9 50476 |2 Arxiu | |
| 710 | |a Barcelona (Catalunya : Província). |b Servei de Salut Pública |9 52202 | ||
| 901 | |a Arxiu | ||
| 942 | |n 1 |2 udc |c ARXIU | ||
| 952 | |0 0 |1 0 |4 0 |6 FU7241 |7 1 |9 63227 |a Arxiu |b Arxiu |d 2022-07-26 |l 0 |o FU-72-41 |p 26361 |r 2022-07-26 00:00:00 |w 2022-07-26 |y ARXIU | ||
| 999 | |c 82488 |d 82488 | ||